<?xml version="1.0" encoding="UTF-8"?>
<record
    xmlns:xsi="http://www.w3.org/2001/XMLSchema-instance"
    xsi:schemaLocation="http://www.loc.gov/MARC21/slim http://www.loc.gov/standards/marcxml/schema/MARC21slim.xsd"
    xmlns="http://www.loc.gov/MARC21/slim">

  <leader>01188nam0a22002771  4500</leader>
  <controlfield tag="001">rc\224141</controlfield>
  <controlfield tag="005">20250621003346.0</controlfield>
  <datafield tag="010" ind1=" " ind2=" ">
    <subfield code="a">5-280-01822-8</subfield>
    <subfield code="9">500000</subfield>
  </datafield>
  <datafield tag="035" ind1=" " ind2=" ">
    <subfield code="a">(NLR Aleph) 005477941</subfield>
  </datafield>
  <datafield tag="090" ind1=" " ind2=" ">
    <subfield code="a">5101247</subfield>
    <subfield code="c">5101247</subfield>
  </datafield>
  <datafield tag="100" ind1=" " ind2=" ">
    <subfield code="a">20030307d1990    |||y0rusy50      ca</subfield>
  </datafield>
  <datafield tag="101" ind1="0" ind2=" ">
    <subfield code="a">rus</subfield>
  </datafield>
  <datafield tag="102" ind1=" " ind2=" ">
    <subfield code="a">RU</subfield>
  </datafield>
  <datafield tag="105" ind1=" " ind2=" ">
    <subfield code="a">y   |||||||||</subfield>
  </datafield>
  <datafield tag="200" ind1="1" ind2=" ">
    <subfield code="a">&#x42E;&#x43C;&#x43E;&#x440;&#x438;&#x441;&#x442;&#x438;&#x447;&#x435;&#x441;&#x43A;&#x438;&#x435; &#x440;&#x430;&#x441;&#x441;&#x43A;&#x430;&#x437;&#x44B;</subfield>
    <subfield code="a">&#x418;&#x437; "&#x412;&#x441;&#x435;&#x43E;&#x431;&#x449;&#x435;&#x439; &#x438;&#x441;&#x442;&#x43E;&#x440;&#x438;&#x438;, &#x43E;&#x431;&#x440;&#x430;&#x431;&#x43E;&#x442;&#x430;&#x43D;&#x43D;&#x43E;&#x439; "&#x421;&#x430;&#x442;&#x438;&#x440;&#x438;&#x43A;&#x43E;&#x43D;&#x43E;&#x43C;"</subfield>
    <subfield code="f">&#x41D;.&#x410;. &#x422;&#x44D;&#x444;&#x444;&#x438;</subfield>
    <subfield code="g">[&#x412;&#x441;&#x442;&#x443;&#x43F;. &#x441;&#x442;., &#x441;&#x43E;&#x441;&#x442;., &#x43F;&#x43E;&#x434;&#x433;&#x43E;&#x442;. &#x442;&#x435;&#x43A;&#x441;&#x442;&#x430;, &#x43A;&#x43E;&#x43C;&#x43C;&#x435;&#x43D;&#x442;. &#x414;.&#x414;. &#x41D;&#x438;&#x43A;&#x43E;&#x43B;&#x430;&#x435;&#x432;&#x430;]</subfield>
  </datafield>
  <datafield tag="210" ind1=" " ind2=" ">
    <subfield code="a">&#x41C;.</subfield>
    <subfield code="c">&#x425;&#x443;&#x434;&#x43E;&#x436;. &#x43B;&#x438;&#x442;.</subfield>
    <subfield code="d">1990</subfield>
  </datafield>
  <datafield tag="215" ind1=" " ind2=" ">
    <subfield code="a">414, [1] &#x441;.</subfield>
    <subfield code="d">21</subfield>
  </datafield>
  <datafield tag="327" ind1="0" ind2=" ">
    <subfield code="a">&#x412; &#x43F;&#x440;&#x438;&#x43B;.: &#x418;&#x437; &#x43A;&#x43D;. "&#x421;&#x435;&#x43C;&#x44C; &#x43E;&#x433;&#x43D;&#x435;&#x439;"; &#x416;&#x435;&#x43D;&#x441;&#x43A;&#x438;&#x439; &#x432;&#x43E;&#x43F;&#x440;&#x43E;&#x441;: &#x424;&#x430;&#x43D;&#x442;&#x430;&#x441;&#x442;. &#x448;&#x443;&#x442;&#x43A;&#x430; &#x432; 1 &#x434;.</subfield>
  </datafield>
  <datafield tag="464" ind1=" " ind2="0">
    <subfield code="1">2001#$a&#x418;&#x437; &#x43A;&#x43D;. "&#x421;&#x435;&#x43C;&#x44C; &#x43E;&#x433;&#x43D;&#x435;&#x439;"</subfield>
    <subfield code="t">&#x418;&#x437; &#x43A;&#x43D;. "&#x421;&#x435;&#x43C;&#x44C; &#x43E;&#x433;&#x43D;&#x435;&#x439;"</subfield>
  </datafield>
  <datafield tag="464" ind1=" " ind2="0">
    <subfield code="1">2001#$a&#x416;&#x435;&#x43D;&#x441;&#x43A;&#x438;&#x439; &#x432;&#x43E;&#x43F;&#x440;&#x43E;&#x441;</subfield>
    <subfield code="t">&#x416;&#x435;&#x43D;&#x441;&#x43A;&#x438;&#x439; &#x432;&#x43E;&#x43F;&#x440;&#x43E;&#x441;</subfield>
  </datafield>
  <datafield tag="700" ind1=" " ind2="1">
    <subfield code="a">&#x422;&#x44D;&#x444;&#x444;&#x438;</subfield>
    <subfield code="b">&#x41D;.&#x410;.</subfield>
    <subfield code="f">1872-1952</subfield>
    <subfield code="g">&#x41D;&#x430;&#x434;&#x435;&#x436;&#x434;&#x430; &#x410;&#x43B;&#x435;&#x43A;&#x441;&#x430;&#x43D;&#x434;&#x440;&#x43E;&#x432;&#x43D;&#x430;</subfield>
  </datafield>
  <datafield tag="801" ind1=" " ind2="0">
    <subfield code="a">RU</subfield>
    <subfield code="b">NLR</subfield>
    <subfield code="g">psbo</subfield>
  </datafield>
  <datafield tag="801" ind1=" " ind2="1">
    <subfield code="a">RU</subfield>
    <subfield code="b">ELAR</subfield>
    <subfield code="2">rusmarc</subfield>
  </datafield>
  <datafield tag="852" ind1=" " ind2=" ">
    <subfield code="a">NLR</subfield>
    <subfield code="j">90-3/6395</subfield>
  </datafield>
  <datafield tag="942" ind1=" " ind2=" ">
    <subfield code="c">BOOK</subfield>
  </datafield>
  <datafield tag="980" ind1=" " ind2=" ">
    <subfield code="a">NB</subfield>
  </datafield>
  <datafield tag="995" ind1=" " ind2=" ">
    <subfield code="5">2013-10-26</subfield>
    <subfield code="b">NLR01</subfield>
    <subfield code="c">NLR01</subfield>
    <subfield code="e">RF9</subfield>
    <subfield code="f">5477941-10</subfield>
    <subfield code="k">90-3/6395</subfield>
    <subfield code="o">0</subfield>
    <subfield code="r">BOOK</subfield>
    <subfield code="s">9036395_</subfield>
  </datafield>
  <datafield tag="995" ind1=" " ind2=" ">
    <subfield code="5">2014-02-06</subfield>
    <subfield code="b">NLR01</subfield>
    <subfield code="c">NLR01</subfield>
    <subfield code="e">OZ2</subfield>
    <subfield code="f">1-319734</subfield>
    <subfield code="k">&#x41B;1 &#x428;6(2=&#x420;)6/&#x422;-973</subfield>
    <subfield code="o">0</subfield>
    <subfield code="p">4.00</subfield>
    <subfield code="r">BOOK</subfield>
    <subfield code="s">1_626973</subfield>
  </datafield>
  <datafield tag="995" ind1=" " ind2=" ">
    <subfield code="5">2015-08-17</subfield>
    <subfield code="a">au</subfield>
    <subfield code="b">NLR03</subfield>
    <subfield code="c">NLR03</subfield>
    <subfield code="e">UJZ</subfield>
    <subfield code="f">1-1003047</subfield>
    <subfield code="k">&#x42E; &#x428;6(2=&#x420;)6/&#x422;-97</subfield>
    <subfield code="o">0</subfield>
    <subfield code="r">BOOK</subfield>
    <subfield code="s">_62697</subfield>
  </datafield>
</record>
